The complete plays (Record no. 43029)

MARC details
000 -LEADER
fixed length control field 00432nam a2200181Ia 4500
020 ## - INTERNATIONAL STANDARD BOOK NUMBER
ISBN 0-14-043037-7
050 ## - CALL MARK
Classification number PR 2661 .S7/
100 ## - STATEMENT OF RESPONSIBILITY--MAIN AUTHOR NAME
Personal name Marlowe, Christopher
245 #4 - TITLE STATEMENT
Title The complete plays
260 ## - PUBLICATION, DISTRIBUTION, ETC. (IMPRINT)
Place of publication Harmondsworth
260 ## - PUBLICATION, DISTRIBUTION, ETC. (IMPRINT)
Name of publisher Penguine Popular Classics
260 ## - PUBLICATION, DISTRIBUTION, ETC. (IMPRINT)
Year of publication 1969
300 ## - PHYSICAL DESCRIPTION
Number of Pages 601 p
650 ## - SUBJECT ADDED ENTRY--TOPICAL TERM
Topical Term Harmondsworth
942 ## - ADDED ENTRY ELEMENTS (KOHA)
Koha item type Books
Holdings
Withdrawn status Lost status Source of classification or shelving scheme Damaged status Not for loan Permanent Location Current Location Shelving location Date acquired Accession Number Price effective from Koha item type
    Library of Congress Classification     NILE UNIVERSITY OF NIGERIA - MAIN LIBRARY NILE UNIVERSITY OF NIGERIA - MAIN LIBRARY Items on shelf 06/03/2025 0005687 06/03/2025 Books